000 01282cam a22003497a 4500
003 CHAP
005 20220817043559.0
008 991011d1990 mx r 00110 spa d
010 _a79001
011 _a79973
035 _a90410
040 _cCHAP
090 _aFolleto 15587
100 0 0 _aSolís Moya, Ernesto.
_9108452
245 1 0 _aGuía para cultivar trigo de riego y temporal en Guanajuato
_c/por Ernesto Solis Moya
260 _aCelaya, Gto. :
_bINIFAP. Centro de Investigaciones Forestales y Agropecuarias de Guanajuato,
_c1990.
300 _a29 p.
410 2 _aINIFAP.
_bCentro de Investigaciones Forestales y Agropecuarias de Guanajuato
490 0 _aFolleto para productores
_v; 3
590 _aBATCH-UPD
_b10
_c20130110
_lUCH01
_h0549
590 _aBATCH-UPD
_b10
_c20130410
_lUCH01
_h0230
590 _aBATCH-UPD
_b10
_c20130913
_lUCH01
_h2154
590 _aCONVERSION
_b10
_c20130109
_lUCH01
_h1344
650 1 4 _aAgricultura de temporal.
_91999
650 1 4 _aTrigo
_xGuanajuato.
_9115035
810 2 _aINIFAP.
_bCentro de Investigaciones Forestales y Agropecuarias de Guanajuato
_958633
830 0 _aFolleto para productores
_v; 3
901 _aBK
905 _aAlejandra Carrasco M.
942 _cFOLL
949 _aFolleto 15587
_bBC
_cFOLL
_d904101
_eTS1
_i90410
_sb
999 _c79001
_d79001